Quizzes
Events
Quiz Creation
Community
Videos
Private Events
Remove Ads
Sign In
Join for FREE
Feedback
Dark Mode
Quiz Categories
Sports
Geography
Music
Movies
Television
Just For Fun
Miscellaneous
History
Literature
Language
Science
Gaming
Entertainment
Religion
Holiday
For Kids
Quiz Lab
Recent
Popular Today
Quiz Kudos Today
Editor Picks
Curator Picks
Quizzes by...
Day
Popularity
Type
Ratings
Length
Year
Community
Subscriptions
Recent Discussions
Orange Saloon
Badges
Playlists
Quests
Create
Leaderboards
Showdown
Live 5
Trivia Bingo
Activity
Puzzle Library
Sporcle Events
Private Events
Virtual Trivia
Globe League
Become a Host
Pub Owners
SporcleCon
Opinionation
Our Games
Videos
Blog
Mobile Apps
Partnerships
Remove Ads and Go Orange
Feedback
Television
TV Characters
TV Show
Sitcom
Network
Friends
Reality Shows
Cast
South Park
Star Trek
The Simpsons
Doctor Who
Television
TV Characters
TV Show
Sitcom
Network
Friends
Reality Shows
Cast
South Park
Star Trek
The Simpsons
Doctor Who
Random Quiz
Search Sporcle
×
Quiz Lab
Quiz Lab
Television
Anime
Type in answers that appear in a list
Type in answers that appear in a list
Classic
Best Score? Go Orange.
Top 50 Worst Anime Stats
Can you name the fifty worst anime according to Anime News Network?
By
HakuIsCheesy
20m
50 Questions
318 Plays
318 Plays
318 Plays
Comments
Comments
Give Quiz Kudos
Give Quiz Kudos
-
- Ratings
hide this ad
Replay
Link that replays current quiz
Next Quiz
Link to next quiz in quiz playlist
You Got
0%
They Got
Avg Score
5%
Avg Friend Score
Upgrade to see
Score Distribution
Jump to the score distribution portion of the page
Score
0/50
Timer
20:00
0
Plays Today
rank
% Correct
44
One Kagayaku Kisetsu e
45%
16
Beyblade
16.7%
35
Hamtaro
14.8%
4
MD Geist
13.5%
6
Duel Masters
12.6%
34
Eiken
11%
26
Garzey's Wing
10.7%
11
The Super Milk Chan Show
8.2%
14
Super Milk Chan
8.2%
31
Musashi
8.2%
3
Psychic Wars
6.3%
5
DICE
6.3%
9
Ninja Resurrection
6.3%
10
Reign: The Conqueror
6.3%
22
Chrono Trigger
6.3%
1
SD Gundam Force
6%
29
Ultimate Muscle
5.7%
25
Vampire Wars
5.3%
7
Tekken: The Motion Picture
4.4%
32
Viewtiful Joe
4.4%
12
Kimera
4.1%
17
Sin: The Movie
3.8%
20
Kirby Right Back At Ya
3.8%
18
Sword for Truth
3.5%
19
Apocalypse Zero
3.5%
rank
% Correct
28
Art of Fighting
3.5%
46
Maple Story
3.5%
50
Flint the Time Detective
3.5%
39
Roots Search
3.1%
41
Crystal Triangle
3.1%
49
The Cosmopolitan Prayers
3.1%
24
Skelter+Heaven
2.8%
40
Fish in the Trap
2.8%
2
MD Geist: Death Force
2.5%
38
Harmagedon
2.5%
42
Bounty Dog
2.5%
13
Samurai Showdown: The Motion Picture
2.2%
23
Virus Buster Serge
2.2%
30
Battle Arena Toshinden
2.2%
33
Advancer Tina
2.2%
36
Isshoni Sleeping: Sleeping with Hinako
2.2%
37
Adventure Kid
2.2%
43
Fighting Foodons
2.2%
15
B Legend! Battle Bedaman
1.3%
21
Odin Starlight Mutiny
1.3%
27
Legend of Lemnear
1.3%
45
Debutante Detective Corps
1.3%
48
Transformers: Energon
0.6%
8
Hametsu No Wars
0.3%
47
After School in the Teacher's Lounge
0.3%
Quiz Playlist
Details
Report
Send in Message
Add To Playlist
Classic:
Type in answers that appear in a list
Quiz Source
Last Updated: Sep 3, 2017
Quiz Scoreboard
CHALLENGE
Sign Up to Join the Scoreboard
Show All
Scores
Hide
Comments
May contain spoilers
Recently Published
9x9 Crossword: Cartoon Network
by jackfrog10
Miscellaneous
3m
College Basketball Coaching Resumes
by pancakes188
Sports
9m
Billboard Blitz: Fleetwood Mac
by CooCooCachoo
Music
15s
More to Explore
Quiz From the Vault
Featured Blog Post
Where Did the Easter Bunny Come From?
hide this ad
You Might Also Like...
Tags
Anime Quiz
Network Quiz
50
Worst
Today's Top Quizzes in Television
Browse Television
hide this ad
Today's Top Quizzes in Anime
Browse Anime
Top Contributed Quizzes in Television
1
5-to-1: The Simpsons Families
2
5-to-1: Television Doctors
3
Adjectives in 80s TV Shows
4
Adjectives in 00s TV Shows
5
7-to-1: TV Show Settings
6
Adjectives in 10s TV Shows
7
Survivor Journey Challenge
8
5-to-1: Streaming Originals
9
Survivor Seasons
10
One Piece Logic Puzzle
Explore More
Trending Topics
Crossword
Kpop
Disney
Harry Potter
Marvel
NBA
Anime
The Office
NFL
Pokémon
Soccer
Country
WWE
Song
Puzzle
hide this ad
More By:
HakuIsCheesy
Quiz
Plays
Rating
Category
Featured
Created
Evangelion Characters
2,683
3.75
Television
Mar 31, 2010
Persona 3 FES Characters
1,262
2.33
Gaming
Mar 10, 2010
Shin Megami Tensei Games
965
2.60
Gaming
Mar 23, 2010
Claymore Characters (Clare's Generation)
626
5.00
Television
Mar 24, 2010
Pre-Time Skip Naruto Characters
584
1.00
Television
Mar 31, 2010
Go to Creator's Profile
Score Distribution
Quiz Creator Spotlight
HakuIsCheesy
Follow
Send a Message
Quizzes Created
-
Created Quiz Play Count
-
More By This Creator
Popular Quizzes Today
1
Find the US States - No Outlines Minefield
2
Find the Countries of Europe - No Outlines Minefield
3
The Countries of the World
4
Find the US States
5
Risky Map Clicking: Biggest States A-Z
6
US States
7
Popular People in 1961
8
Movies - When Are They Set?
More Television Quizzes
Friends Episodes by Image IV
Curator's Pick
Trending Quizzes
Risky Map Clicking: Least Populous States A-Z
1-10 Letter G Words
Risky Map Clicking: Next State Alphabetically
Adjectives in 80s TV Shows
Risky Map Clicking: Biggest States A-Z
Recently Updated
Leaping Animals
pecheneg
Reality TV Shows (A-Z)
bhenderson79
Rickey Henderson's Hall of Fame Teammates
pecheneg
Champions League XIs: Arsenal
pecheneg
Quick Pick: Celebrities in WWE's Hall of Fame
aduchscher
A-Z Keypad Blitz II
pecheneg
Multiple Oscar Actors
pecheneg
Mystery Phrase Blitz: Oscar 'Best Actors'
pecheneg
F. Scott Fitzgerald Novels
LTH
Pick 3 Villains
ddd62291
Trending Topics
Harry Potter
Marvel
Anime
NBA
Kpop
Disney
Crossword
Puzzle
Soccer
NFL
Song
Pokémon
WWE
Country
The Office
Your Account Isn't Verified!
In order to create a playlist on Sporcle, you need to verify the email address you used during registration. Go to your
Sporcle Settings
to finish the process.
Report this User
Report this user for behavior that violates our
Community Guidelines
.
Details:
Send Report
Go to the Sporcle.com Mobile Site →
Comments